000 00259nam a22001217a 4500
008 170510b xxu||||| |||| 00| 0 eng d
041 _aeng
080 _a34
100 _a15
101 _aSHJ
245 _aTORTS PROSSER WADE
_cWADE.J.W
942 _2udc
_cBK
999 _c13046
_d13046